我們的文學夢 13 (Record no. 7638)
[ view plain ]
| 000 -記錄標示(系統產生) | |
|---|---|
| fixed length control field | 00332nam a22001457a 4500 |
| 020 ## - ISBN | |
| ISBN | 978-626-96747-5-6 |
| 050 ## - LIBRARY OF CONGRESS CALL NUMBER | |
| Classification number | 078 |
| 060 ## - NATIONAL LIBRARY OF MEDICINE CALL NUMBER | |
| Classification number | 078 |
| 082 ## - DEWEY DECIMAL CLASSIFICATION NUMBER | |
| Classification number | 078 |
| 100 ## - 主要款目 | |
| 第一作者姓名 | 呂毓卿 |
| 245 ## - 書籍基本資料 | |
| 書名 | 我們的文學夢 13 |
| 資料類型 | 文學 |
| 250 ## - 書籍版本資料 | |
| 書籍版本 | 初版 |
| 260 ## - 書籍出版資料 | |
| 出版地 | 臺北市 |
| 出版者 | 上海商銀文教基金會 |
| 出版年 | 2025.05 |
| 942 ## - 其他項目(KOHA) | |
| 分類法來源 | 中文圖書分類法 |
| 館藏類型設定 | 一般圖書 |
| 撤銷狀態 | 遺失狀態 | 分類號來源 | 損壞狀態 | 不外借 | 永久館藏地 | 現在館藏地 | 書架位置 | 採購日期 | 所有借閱數 | 完整索書號 | 條碼號 | 最後一次日期記錄 | 一般價格有效日期 | Koha館藏類型 | 公開資訊 |
|---|---|---|---|---|---|---|---|---|---|---|---|---|---|---|---|
| 未註銷館藏 | 未遺失 | 中文圖書分類法 | 未損毀 | 可外借 | 怡仁綜合醫院圖書館 | 怡仁綜合醫院圖書館 | 2025-06-06 | 078 | C03224 | 2025-06-06 | 2025-06-06 | 一般圖書 | 由上海商業儲蓄銀行文教基金會與紀州庵文學森林共同 主辦的「我們的文學夢」系列講座,於2012年起,每個月 邀請一位作家演講,帶來精采多元的書寫與夢想的故事。 |